| 000 -LEADER |
| fixed length control field |
02201nam a2200373 i 4500 |
| 003 - CONTROL NUMBER IDENTIFIER |
| control field |
NJB |
| 005 - DATE AND TIME OF LATEST TRANSACTION |
| control field |
20240120115237.0 |
| 008 - FIXED-LENGTH DATA ELEMENTS--GENERAL INFORMATION |
| fixed length control field |
210319s2020 nyua j 6 000 1 eng d |
| 020 ## - INTERNATIONAL STANDARD BOOK NUMBER |
| International Standard Book Number |
9780593202807 |
| 040 ## - CATALOGING SOURCE |
| Original cataloging agency |
DLC |
| Language of cataloging |
eng |
| Description conventions |
rda |
| Transcribing agency |
DLC |
| Modifying agency |
OCLCO |
| -- |
OCLCQ |
| -- |
OCLCF |
| -- |
WC4 |
| -- |
FMG |
| -- |
JAS |
| -- |
UAP |
| -- |
JPL |
| -- |
JTD |
| -- |
JTH |
| -- |
IMF |
| -- |
IUK |
| -- |
NZAUC |
| -- |
UKMGB |
| -- |
DLC |
| -- |
OCLCO |
| -- |
LIV |
| -- |
OCLCO |
| -- |
BKL |
| -- |
NJB |
| -- |
CaOL |
| -- |
KH8 |
| 082 ## - DEWEY DECIMAL CLASSIFICATION NUMBER |
| Classification number |
741.5973 WHI |
| 100 1# - MAIN ENTRY--PERSONAL NAME |
| Personal name |
White, Mike |
| Titles and words associated with a name |
(Children's author), |
| Relator term |
author, |
| -- |
illustrator. |
| 245 10 - TITLE STATEMENT |
| Title |
Mellybean and the giant monster / |
| Statement of responsibility, etc. |
Mike White. |
| 246 33 - VARYING FORM OF TITLE |
| Title proper/short title |
Mellybean & the giant monster. |
| 246 30 - VARYING FORM OF TITLE |
| Title proper/short title |
Giant monster. |
| 264 #1 - PRODUCTION, PUBLICATION, DISTRIBUTION, MANUFACTURE, AND COPYRIGHT NOTICE |
| Place of production, publication, distribution, manufacture |
New York : |
| Name of producer, publisher, distributor, manufacturer |
Razorbill, |
| Date of production, publication, distribution, manufacture, or copyright notice |
[2020] |
| 300 ## - PHYSICAL DESCRIPTION |
| Extent |
203 pages : |
| Other physical details |
chiefly colour illustrations ; |
| Dimensions |
21 cm. |
| 336 ## - CONTENT TYPE |
| Content type term |
text |
| Content type code |
txt |
| Source |
rdacontent. |
| 336 ## - CONTENT TYPE |
| Content type term |
still image |
| Content type code |
sti |
| Source |
rdacontent. |
| 337 ## - MEDIA TYPE |
| Media type term |
unmediated |
| Media type code |
n |
| Source |
rdamedia. |
| 338 ## - CARRIER TYPE |
| Carrier type term |
volume |
| Carrier type code |
nc |
| Source |
rdacarrier. |
| 490 1# - SERIES STATEMENT |
| Series statement |
Mellybean ; |
| Volume/sequential designation |
1. |
| 520 ## - SUMMARY, ETC. |
| Summary, etc. |
Melly loves to play games. All her feline friends want to do, though, is take a nap. So when she doesn't leave them alone, the cats trick her into burying a shoe in the backyard. But the small prank turns into a big problem when Melly falls down the hole . . . and is magically transports her to another world! Melly lands smack-dab in the middle of a scuffle between a group of knights and a huge monster. But Melly soon befriends the grumpy giant, learning he isn't as scary as he seems. He's being hunted by a greedy king. One who has also been stealing from his people and locking them up in the dungeons. So although Melly is desperate to find a way back home to Mama and Papa (her human owners), she makes it her mission to help her new friend and the kingdom. But how could someone so tiny defeat such a powerful king? It may just take a game that only Melly can win. |
| 586 ## - AWARDS NOTE |
| Awards note |
Silver Birch Express nominee, 2022. |
| 650 #0 - SUBJECT ADDED ENTRY--TOPICAL TERM |
| Topical term or geographic name entry element |
Dogs |
| Form subdivision |
Juvenile fiction. |
| 650 #0 - SUBJECT ADDED ENTRY--TOPICAL TERM |
| Topical term or geographic name entry element |
Monsters |
| Form subdivision |
Juvenile fiction. |
| 650 #0 - SUBJECT ADDED ENTRY--TOPICAL TERM |
| Topical term or geographic name entry element |
Friendship |
| Form subdivision |
Juvenile fiction. |
| 650 #7 - SUBJECT ADDED ENTRY--TOPICAL TERM |
| Topical term or geographic name entry element |
Fantasy comics. |
| Source of heading or term |
genre. |
| 650 #7 - SUBJECT ADDED ENTRY--TOPICAL TERM |
| Topical term or geographic name entry element |
Monster comics. |
| Source of heading or term |
genre. |
| 650 #7 - SUBJECT ADDED ENTRY--TOPICAL TERM |
| Topical term or geographic name entry element |
Action and adventure comics. |
| Source of heading or term |
genre. |
| 650 #7 - SUBJECT ADDED ENTRY--TOPICAL TERM |
| Topical term or geographic name entry element |
Graphic novels. |
| Source of heading or term |
genre. |
| 830 #0 - SERIES ADDED ENTRY--UNIFORM TITLE |
| Uniform title |
Mellybean ; |
| Volume/sequential designation |
1. |
| 942 ## - ADDED ENTRY ELEMENTS (KOHA) |
| Source of classification or shelving scheme |
|
| Koha item type |
Books - Fiction |